01014nam a2200229Ia 4500952014600000952014600146952014600292999001500438003000400453005001700457008004100474020001800515040000900533082001800542100002600560245006100586250001200647260004700659300001000706700002600716942004200742 00102ddc40708ACCOUNTINGaMESbMEScACCOUNTINGd2019-02-20g550.00l0o657.95 MAH/Cp34246r2019-02-20 00:00:00t1w2019-02-20yBKzGL56R3 00102ddc40708ACCOUNTINGaMESbMEScACCOUNTINGd2019-02-20g575.00l0o657.95 MAH/Cp35157r2019-02-20 00:00:00t2w2019-02-20yBKzGL56R3 00102ddc40708ACCOUNTINGaMESbMEScACCOUNTINGd2019-02-20g575.00l0o657.95 MAH/Cp35158r2019-02-20 00:00:00t3w2019-02-20yBKzGL56R3 c7479d7479OSt20200117105516.0190216s9999||||xx |||||||||||||| ||und|| a9788125931294 coclc a657.95bMAH/C aMaheshwari, S N91048 0aCorporate Accounting /cS N Maheshwari ; S K Maheshwari a5th ed. bVikas Publishing House,c2010.aNew Delhi: a2339p 91237aMaheshwari, S K cBK2ddch657.95iMAH/Ck657.95mMAH/C